Hóa học các nguyên tố hiếm và hóa phóng xạ
Sách giới thiệu đặc điểm hóa học của các nguyên tố hiếm họ s,p,d, nguyên tố đất hiếm và hóa học các nguyên tố phóng xạ...
Shranjeno v:
| Glavni avtor: | |
|---|---|
| Format: | Knjiga |
| Jezik: | Vietnamese |
| Izdano: |
H.
Đại học Sư phạm
2008
|
| Teme: | |
| Oznake: |
Označite
Brez oznak, prvi označite!
|
| Thư viện lưu trữ: | Mạng thư viện Đại học Đà Nẵng |
|---|
| LEADER | 01251nam a2200337 4500 | ||
|---|---|---|---|
| 001 | 000016508 | ||
| 003 | 12910 | ||
| 005 | 20121107161118.0 | ||
| 008 | 121107s2008 viesd | ||
| 020 | |c 51500 | ||
| 041 | 0 | |a vie | |
| 082 | |a 541.38 |b PH-R | ||
| 100 | 0 | |a Phạm Đức Roãn | |
| 245 | 0 | |a Hóa học các nguyên tố hiếm và hóa phóng xạ |c Phạm Đức Roãn - Nguyễn Thế Ngôn | |
| 260 | |a H. |b Đại học Sư phạm |c 2008 | ||
| 300 | |a 303 tr |c 24 cm | ||
| 504 | |a thư mục đầu trang | ||
| 520 | |a Sách giới thiệu đặc điểm hóa học của các nguyên tố hiếm họ s,p,d, nguyên tố đất hiếm và hóa học các nguyên tố phóng xạ... | ||
| 650 | |a hóa học | ||
| 653 | |a các nguyên tố hiếm | ||
| 653 | |a hóa phóng xạ | ||
| OWN | |a LSP | ||
| AVA | |a UDN50 |b LSP |d 541.38 PH-R |e check_holdings |t Error 5003 Not defined in file expand_doc_bib_avail. |h N |k 1 | ||
| 999 | |a From the UDN01 | ||
| AVA | |a UDN50 |b LSP |d 541.38 PH-R |e available |t Error 5001 Not defined in file expand_doc_bib_avail. |f 15 |g 0 |h N |i 0 |k 1 | ||
| TYP | |a Monograph | ||
| TYP | |a Printed language | ||
| 980 | |a Mạng thư viện Đại học Đà Nẵng | ||